00954nam a2200241 a 450000100100000000500170001000800410002702000150006804000250008308200130010824500540012126000270017530000390020249000260024150000320026750400540029970000330035371000600038683000330044695201080047995201080058799900170069500004191820201002035829.0090819s1992 sp ac 000 0 spa d a8400069560 aDO-SdBNPbspacBNPHU axxxbxxx00aSedimentología /ccoordinadores Alfredo Arche,. aMadrid :bCSIC,c1992. av. (528) p. :bil.,mapas ;c25 cm.1 aNuevas tendenciasv12 aLa biblioteca posee el v. 2 aIncluye bibliografía al final de los capítulo1 aArche, Alfredoecoor.9688182 aConsejo Superior de Investigaciones Científicas94786 0aNuevas tendenciasn12968819 001050718MOaGRbGRcHDd2013-10-22iLF1l0ov. 1p41918-10r2020-06-25w2020-06-25y1ZNo se presta 001050718MOaGRbGRcHDd2013-10-30iLF1l0ov. 2p41918-20r2020-06-25w2020-06-25y1ZNo se presta c41407d41407